Latin America: poverty of democracy and the democracy of poverty /
sin resumen
محفوظ في:
| المؤلف الرئيسي: | |
|---|---|
| مؤلفون آخرون: | |
| التنسيق: | كتاب |
| اللغة: | English |
| الموضوعات: | |
| الوسوم: |
إضافة وسم
لا توجد وسوم, كن أول من يضع وسما على هذه التسجيلة!
|
MARC
| LEADER | 00000nam a22000007a 4500 | ||
|---|---|---|---|
| 003 | cru IIS | ||
| 005 | 20220111125739.0 | ||
| 008 | 220111s1991 pr |||p|r|||| 00| 0 eng d | ||
| 040 | |c cru IIS | ||
| 100 | 1 | |9 10195 |a Petras, James F. |e Autor | |
| 245 | 1 | |a Latin America: poverty of democracy and the democracy of poverty / |c James F. Petras, Morris Morley | |
| 300 | |a páginas 75-94 | ||
| 520 | |a sin resumen | ||
| 651 | 0 | |9 17 |a AMERICA LATINA | |
| 700 | 1 | |9 266 |a Morley, Morris |e Autor | |
| 773 | 0 | |0 43173 |9 6466 |a Universidad Interamericana de Puerto Rico |d Puerto Rico: Universidad Interamericana de Puerto Rico, 1977- |o MFN: 3583 |t HOMINES: |x 02528908 | |
| 942 | |2 ddc |c PP | ||
| 999 | |c 44029 |d 44029 | ||
